| 000 | 00452cam a2200181ua 4500 | ||
|---|---|---|---|
| 020 | _c1200.00 | ||
| 041 |
_aeng _h |
||
| 082 |
_a631.584 _bBOS/MO |
||
| 100 | _aBoss, Andrew . | ||
| 245 |
_aModern farm management / _cAndrew Boss. _hTextual Documents |
||
| 260 |
_aNew Delhi : _bBiotech Books , _c2005. |
||
| 300 |
_a578 ; _eCD. |
||
| 365 | _a1200.00 | ||
| 504 | _a | ||
| 700 | 1 | _aPond, George A . | |
| 942 | _cBK | ||
| 999 |
_c13286 _d13286 |
||